<?xml version="1.0" encoding="UTF-8"?>
<collection xmlns="http://www.loc.gov/MARC21/slim">
 <record>
  <leader>01313nem a22003017a 4500</leader>
  <controlfield tag="001">553</controlfield>
  <controlfield tag="003">BD-DhAAL</controlfield>
  <controlfield tag="008">240526r19751968enk       e         eng d</controlfield>
  <datafield tag="020" ind1=" " ind2=" ">
   <subfield code="a">0340016361 :</subfield>
   <subfield code="c">£7.95</subfield>
  </datafield>
  <datafield tag="040" ind1=" " ind2=" ">
   <subfield code="a">BD-DhAAL</subfield>
   <subfield code="c">BD-DhAAL</subfield>
  </datafield>
  <datafield tag="082" ind1="0" ind2="0">
   <subfield code="a">912</subfield>
  </datafield>
  <datafield tag="110" ind1="2" ind2=" ">
   <subfield code="a">Reader's Digest Association (Great Britain)</subfield>
   <subfield code="9">56426</subfield>
  </datafield>
  <datafield tag="245" ind1="1" ind2="4">
   <subfield code="a">The Reader's digest great world atlas /</subfield>
   <subfield code="c">Reader's Digest Association.</subfield>
  </datafield>
  <datafield tag="250" ind1=" " ind2=" ">
   <subfield code="a">Second edition.</subfield>
  </datafield>
  <datafield tag="264" ind1=" " ind2=" ">
   <subfield code="a">London ;</subfield>
   <subfield code="b">The Reader's Digest Association,</subfield>
   <subfield code="a">Sydney ;</subfield>
   <subfield code="b">The Reader's Digest Association Pty,</subfield>
   <subfield code="a">Montreal :</subfield>
   <subfield code="b">The Reader's Digest Association (Canada),</subfield>
   <subfield code="c">1968 [fifth revised 1975]..</subfield>
  </datafield>
  <datafield tag="300" ind1=" " ind2=" ">
   <subfield code="a">179 paes:</subfield>
   <subfield code="b">illustrations (chiefly colors), color maps ;</subfield>
   <subfield code="c">40 cm.</subfield>
  </datafield>
  <datafield tag="500" ind1=" " ind2=" ">
   <subfield code="a">Includes index.</subfield>
  </datafield>
  <datafield tag="541" ind1=" " ind2=" ">
   <subfield code="e">553</subfield>
  </datafield>
  <datafield tag="650" ind1=" " ind2="0">
   <subfield code="a">Atlases</subfield>
   <subfield code="z">Great Britain.</subfield>
   <subfield code="9">56427</subfield>
  </datafield>
  <datafield tag="650" ind1=" " ind2="0">
   <subfield code="a">Atlases</subfield>
   <subfield code="z">Australia.</subfield>
   <subfield code="9">56428</subfield>
  </datafield>
  <datafield tag="650" ind1=" " ind2="0">
   <subfield code="a">Atlases</subfield>
   <subfield code="z">Canada.</subfield>
   <subfield code="9">56429</subfield>
  </datafield>
  <datafield tag="655" ind1=" " ind2="7">
   <subfield code="a">World atlases.</subfield>
   <subfield code="2">lcgft</subfield>
   <subfield code="9">56430</subfield>
  </datafield>
  <datafield tag="700" ind1="1" ind2=" ">
   <subfield code="a">Debenham, Frank,</subfield>
   <subfield code="d">1883-1965.</subfield>
   <subfield code="9">56431</subfield>
  </datafield>
  <datafield tag="740" ind1="0" ind2=" ">
   <subfield code="a">Great world atlas.</subfield>
  </datafield>
  <datafield tag="852" ind1=" " ind2=" ">
   <subfield code="a">Ayesha Abed Library</subfield>
   <subfield code="c">Reference Section</subfield>
  </datafield>
  <datafield tag="942" ind1=" " ind2=" ">
   <subfield code="2">ddc</subfield>
   <subfield code="c">BK</subfield>
  </datafield>
  <datafield tag="999" ind1=" " ind2=" ">
   <subfield code="c">46677</subfield>
   <subfield code="d">46677</subfield>
  </datafield>
  <datafield tag="952" ind1=" " ind2=" ">
   <subfield code="0">0</subfield>
   <subfield code="1">0</subfield>
   <subfield code="2">ddc</subfield>
   <subfield code="4">0</subfield>
   <subfield code="6">912_000000000000000_REA</subfield>
   <subfield code="7">1</subfield>
   <subfield code="9">75547</subfield>
   <subfield code="a">BRACUL</subfield>
   <subfield code="b">BRACUL</subfield>
   <subfield code="c">REF</subfield>
   <subfield code="d">2024-05-26</subfield>
   <subfield code="e">Source not identified</subfield>
   <subfield code="g">0.00</subfield>
   <subfield code="l">0</subfield>
   <subfield code="o">912 REA</subfield>
   <subfield code="p">3010000553</subfield>
   <subfield code="r">2024-05-26</subfield>
   <subfield code="t">1</subfield>
   <subfield code="w">2024-05-26</subfield>
   <subfield code="y">BK</subfield>
   <subfield code="z">Not price in Register</subfield>
   <subfield code="x">Not price in Register</subfield>
  </datafield>
 </record>
</collection>
